Motor insurance underwriting and claims

Salvato in:
Dettagli Bibliografici
Autore principale: Freeman, Michael
Altri autori: Pellatt, Aubrey
Natura: Libro
Lingua:inglese
Pubblicazione: London Chartered Insurance Institute 1986
Edizione:1. ed.
Soggetti:
Tags: Aggiungi Tag
Nessun Tag, puoi essere il primo ad aggiungerne!!

MARC

LEADER 00000nam a2200000 4500
001 c001792
005 20221220073519.5
020 |a 0-907323-99-5 
041 0 |a eng 
044 |a GB 
245 1 0 |a Motor insurance underwriting and claims  |c Michael Freeman, Aubrey Pellatt 
250 |a 1. ed. 
264 1 |a London  |b Chartered Insurance Institute  |c 1986 
300 |a Prer. s. 
610 2 0 |a poistenie vozidiel motorových 
610 2 0 |a čiastka poistná 
610 2 0 |a náhrada poistná 
610 2 0 |a predpisy právne 
610 2 0 |a Veľká Británia 
610 2 0 |a marketing 
100 1 |a Freeman, Michael 
700 1 |a Pellatt, Aubrey